| 000 | 00858nmm a2200265 a 4500 | ||
|---|---|---|---|
| 001 | ocm000924542 | ||
| 003 | TR-IsHL | ||
| 005 | 20201028145353.0 | ||
| 008 | 150110s2014 tu tur | ||
| 007 | cr cn | ||
| 020 | _a9786054921003 | ||
| 035 |
_a924542 _b(N$T) |
||
| 050 | 0 | 4 |
_aPL248.B87 _bK87 2014 |
| 090 | 0 | 4 |
_aPL248.B87 _bK87 2014 |
| 100 | 1 | _aBurhan, Sabahattin | |
| 245 | 1 | 0 |
_aKurtuluş Savaşı'nda Gökçen Efe destanı _h[electronic resource] / _cSabahattin Burhan |
| 260 |
_aİstanbul : _bBilge Kültür Sanat, _c2014 |
||
| 300 | _a497 p. | ||
| 650 | 4 | _aDil ve Edebiyat | |
| 650 | 4 | _aLanguage and Literature | |
| 650 | 0 | _aTürk romanı | |
| 650 | 0 | _aTurkish fiction | |
| 650 | 7 |
_aLITERARY COLLECTIONS / Middle Eastern _2bisacsh |
|
| 856 | 4 | 0 | _uhttp://search.ebscohost.com/login.aspx?direct=true&scope=site&db=e011xww&AN=924542 |
| 999 |
_c9914 _d9914 |
||